Recent mathematical methods in dynamic programming : proceedings of the conference held in Rome, Italy, March 26-28, 1984
Αποθηκεύτηκε σε:
| Άλλοι συγγραφείς: | , , |
|---|---|
| Μορφή: | Βιβλίο |
| Γλώσσα: | English |
| Δημοσίευση: |
Berlin ; New York :
Springer-Verlag,
c1985.
|
| Σειρά: | Lecture notes in mathematics (Springer-Verlag)
; 1119 |
| Θέματα: | |
| Ετικέτες: |
Προσθήκη ετικέτας
Δεν υπάρχουν, Καταχωρήστε ετικέτα πρώτοι!
|
MARC
| LEADER | 00000cam a2200000 i 4500 | ||
|---|---|---|---|
| 001 | 1/62548 | ||
| 008 | 941103s1985 gw ||| | eng|| | ||
| 020 | |a 3540152172 | ||
| 035 | |a 1993 |l 10046637 | ||
| 040 | |a GR-MyUA |b gre |e AACR2 | ||
| 041 | 0 | |a eng | |
| 082 | 0 | |a 629.8312 | |
| 245 | 1 | 0 | |a Recent mathematical methods in dynamic programming : |b proceedings of the conference held in Rome, Italy, March 26-28, 1984 / |c edited by I. Capuzzo Dolcetta, W.H. Fleming and T. Zolezzi. |
| 260 | |a Berlin ; |a New York : |b Springer-Verlag, |c c1985. | ||
| 300 | |a 202 σ. : |b εικ. ; |c 25 εκ. | ||
| 490 | 1 | |a (Lecture notes in mathematics (Springer-Verlag) |v ; 1119) | |
| 500 | |a Περιέχει βιβλιογραφικές αναφορές. | ||
| 650 | 0 | 0 | |a Dynamic programming |x Congresses. |
| 650 | 0 | 0 | |a Control theory |x Congresses. |
| 700 | 1 | |a Capuzzo Dolcetta, I. |q (Italo), |d 1948- |e edt | |
| 700 | 1 | |a Fleming, Wendell Helms |d 1928- |e edt | |
| 700 | 1 | |a Zolezzi, T. |q (Tullio), |d 1942- |e edt | |
| 830 | 0 | |a Lecture notes in mathematics (Springer-Verlag) |v ; 1119 | |
| 852 | |a INST |b SAMOS |e 19941103 |h 629.8312 REC |p 005300006974 |q 005300006974 |t BK |y 0 | ||
| 909 | |a Σ |b 029001 | ||